000 00530nam a2200193Ia 4500
008 101110s9999 xx 000 0 und d
041 _aENGLISH
082 _bSR13851
_a657
100 _aBatliboi J.R.
245 _aTypical problems in advanced accountancy 15th ed.
365 _b36
520 _aCommerce
546 _aENGLISH
630 _aTypical problems in advanced accountancy 15th ed.
650 _aCommerce
655 _aCommerce
730 _aTypical problems in advanced accountancy 15th ed.
942 _cBOOK
999 _c807987
_d807984